[Event "SVK-chT1E 1112"]
[Site "Slovakia"]
[Date "2012.02.04"]
[Round "8.6"]
[White "Frindt, Kornel"]
[Black "Korbela, Lubomir"]
[Result "1-0"]
[WhiteElo "2223"]
[BlackElo "2116"]
[PlyCount "113"]
[EventDate "2011.10.15"]
[EventType "team-tourn"]
[EventRounds "11"]
[EventCountry "SVK"]
[SourceTitle "EXT 2013"]
[Source "ChessBase"]
[SourceDate "2012.11.22"]
[SourceVersion "1"]
[SourceVersionDate "2012.11.22"]
[SourceQuality "1"]
[WhiteTeam "Kosice Slavia"]
[BlackTeam "Sklene Patriots CC"]
[WhiteTeamCountry "SVK"]
[BlackTeamCountry "SVK"]

1. e4 e5 2. Nf3 Nc6 3. Bb5 a6 4. Ba4 Nf6 5. 0-0 Be7 6. Re1 b5 7. Bb3 0-0 8. a4 Bb7 9. d3 d6 10. Nc3 b4 11. Ne2 Na5 12. Ba2 c5 13. Ng3 Bc8 14. c3 bxc3 15. bxc3 Nc6 16. d4 cxd4 17. cxd4 Nxd4 18. Nxd4 exd4 19. Qxd4 Be6 20. Be3 Qa5 21. Bd2 Qc5 22. Qxc5 dxc5 23. Bxe6 fxe6 24. Rec1 Rfc8 25. Rab1 Rab8 26. f3 Nd7 27. Ne2 Bf6 28. Bc3 Bxc3 29. Nxc3 Kf7 30. Kf2 Ke7 31. Ke3 Kd6 32. f4 Kc6 33. a5 Rxb1 34. Rxb1 Rb8 35. Rxb8 Nxb8 36. Kd3 Nd7 37. e5 g6 38. Kc4 h5 39. h4 Kc7 40. Ne4 Kc6 41. g3 Kb7 42. Ng5 Nf8 43. Kxc5 Kc7 44. Kc4 Kc6 45. Nf3 Kb7 46. Nd4 Kc7 47. Nc2 Nd7 48. Nb4 Kb7 49. Kd4 Nb8 50. Kc3 Nc6 51. Nd3 Nxa5 52. Nc5+ Kc6 53. Nxe6 Kd5 54. Nc7+ Ke4 55. Nxa6 Nc6 56. Nb4 Kf3 57. Nxc6 1-0

[Event "SVK-chT2A 1112"]
[Site "Slovakia"]
[Date "2011.11.05"]
[Round "3.1"]
[White "Banas, Kamil"]
[Black "Frindt, Kornel"]
[Result "0-1"]
[WhiteElo "2222"]
[BlackElo "2223"]
[PlyCount "118"]
[EventDate "2011.10.08"]
[EventType "team-tourn"]
[EventRounds "11"]
[EventCountry "SVK"]
[SourceTitle "EXT 2013"]
[Source "ChessBase"]
[SourceDate "2012.11.22"]
[SourceVersion "1"]
[SourceVersionDate "2012.11.22"]
[SourceQuality "1"]
[WhiteTeam "Modra II"]
[BlackTeam "Bratislava Doprastav III"]
[WhiteTeamCountry "SVK"]
[BlackTeamCountry "SVK"]

1. e4 c5 2. c3 Nf6 3. e5 Nd5 4. d4 cxd4 5. Nf3 Nc6 6. cxd4 d6 7. Bc4 e6 8. 0-0 Be7 9. Qe2 0-0 10. Nc3 Nxc3 11. bxc3 dxe5 12. dxe5 b6 13. Bd3 Qc7 14. Qe4 g6 15. Bh6 Rd8 16. Rfe1 Bb7 17. Qe2 Rac8 18. Rac1 Na5 19. Nd4 Nc4 20. Bf4 Rd5 21. Bg3 Bg5 22. f4 Be7 23. f5 gxf5 24. Nxf5 exf5 25. e6 Bc5+ 26. Kh1 Nd6 27. c4 Rxd3 28. Qxd3 Ne4 29. Qd7 Nxg3+ 30. hxg3 fxe6 31. Qxe6+ Qf7 32. Rcd1 Qxe6 33. Rxe6 Kf7 34. Rh6 Kg7 35. Re6 Rc7 36. Kh2 a5 37. Rf1 Bc8 38. Re8 Bd7 39. Rd8 Be6 40. Rf4 Kf6 41. Rh4 Kg6 42. Re8 Be7 43. Rf4 Kf7 44. Rh8 Kg7 45. Rb8 Bc5 46. Re8 Bd7 47. Rd8 a4 48. Ra8 a3 49. Rd8 Bc8 50. Re8 Rc6 51. Rh4 Be6 52. Ra8 Rd6 53. Re8 Bf7 54. Re5 Bg6 55. Re7+ Kf6 56. Ra7 Rd2 57. Rf4 Kg5 58. Rf3 Rxa2 59. Rb3 Rc2 0-1

[Event "SVK-chT1W 1112"]
[Site "Slovakia"]
[Date "2011.10.16"]
[Round "2.3"]
[White "Frindt, Kornel"]
[Black "Janko, Zoltan"]
[Result "0-1"]
[WhiteElo "2223"]
[BlackElo "2287"]
[PlyCount "110"]
[EventDate "2011.10.15"]
[EventType "team-tourn"]
[EventRounds "11"]
[EventCountry "SVK"]
[SourceTitle "EXT 2013"]
[Source "ChessBase"]
[SourceDate "2012.11.22"]
[SourceVersion "1"]
[SourceVersionDate "2012.11.22"]
[SourceQuality "1"]
[WhiteTeam "Pezinok"]
[BlackTeam "Komarno"]
[WhiteTeamCountry "SVK"]
[BlackTeamCountry "SVK"]

1. e4 c5 2. Nf3 Nc6 3. d4 cxd4 4. Nxd4 Qb6 5. Nb3 Nf6 6. Nc3 e6 7. Be3 Qc7 8. g3 a6 9. Bg2 Ne5 10. 0-0 Nc4 11. Bf4 e5 12. Bc1 d6 13. Nd2 Bg4 14. Nf3 b5 15. Nd5 Nxd5 16. Qxd5 Rc8 17. c3 Be7 18. h3 Be6 19. Qd1 0-0 20. Qe2 Nb6 21. Re1 a5 22. Nd2 b4 23. cxb4 axb4 24. a4 b3 25. Qe3 Ra8 26. a5 Nd7 27. a6 Nc5 28. Bf1 Rfb8 29. Nb1 Rb6 30. Bd2 Qb8 31. Ba5 Rbxa6 32. Bxa6 Rxa6 33. Nd2 Qa8 34. Qc3 Bd8 35. Bxd8 Rxa1 36. Rxa1 Qxa1+ 37. Kg2 Bxh3+ 38. Kh2 Be6 39. Bb6 h6 40. Bxc5 dxc5 41. Nxb3 Qf1 42. Qe3 Bxb3 43. Qxb3 Qxf2+ 44. Kh3 Qf1+ 45. Kh2 Qe2+ 46. Kg1 Qxe4 47. Qb5 Qd4+ 48. Kg2 Qd5+ 49. Kf2 e4 50. Ke3 Qd4+ 51. Ke2 e3 52. Qe8+ Kh7 53. Kf3 f5 54. Qe6 Qg4+ 55. Kxe3 f4+ 0-1

[Event "SVK-chT2A 1112"]
[Site "Slovakia"]
[Date "2011.10.09"]
[Round "2.1"]
[White "Frindt, Kornel"]
[Black "Pagerka, Martin"]
[Result "0-1"]
[WhiteElo "2223"]
[BlackElo "2200"]
[PlyCount "80"]
[EventDate "2011.10.08"]
[EventType "team-tourn"]
[EventRounds "11"]
[EventCountry "SVK"]
[SourceTitle "EXT 2013"]
[Source "ChessBase"]
[SourceDate "2012.11.22"]
[SourceVersion "1"]
[SourceVersionDate "2012.11.22"]
[SourceQuality "1"]
[WhiteTeam "Bratislava Doprastav III"]
[BlackTeam "Osuske II"]
[WhiteTeamCountry "SVK"]
[BlackTeamCountry "SVK"]

1. e4 c5 2. Nf3 e6 3. d4 cxd4 4. Nxd4 Nf6 5. Nc3 d6 6. Be3 Be7 7. g4 h6 8. Bg2 Nc6 9. h3 Nxd4 10. Qxd4 e5 11. Qd2 Be6 12. Nd5 Bxd5 13. exd5 Nd7 14. 0-0-0 Bg5 15. Kb1 Rc8 16. Be4 Rc4 17. Bf5 g6 18. Bxd7+ Qxd7 19. Qe2 Ra4 20. b3 Bxe3 21. bxa4 Bc5 22. Qb5 Qxb5+ 23. axb5 Bxf2 24. Rd3 e4 25. Rc3 Bc5 26. Rf1 Rf8 27. Rf4 f5 28. Kc1 Ke7 29. Kd1 Kf6 30. Rc4 Re8 31. gxf5 gxf5 32. Rxc5 dxc5 33. c4 Rg8 34. Rf2 Ke5 35. Rd2 e3 36. Rd3 Ke4 37. Ra3 f4 38. Rxa7 f3 39. Rxb7 Kd3 40. Kc1 Kc3 0-1